Focus sur: Nori - Tolkien - Statistiques

Statistiques générales
  • Ce quiz a été pris 18 fois
  • Le résultat moyen est 6 sur 8
Statistiques - réponses
Informations recherchées Réponses % Correct
Première apparition Le Hobbit
100%
Royaume Erebor
89%
Espèce Nain
89%
Couleur des cheveux Blanc
83%
Ages durant lequel il vécut Troisième/Quatrième?
83%
Groupe auquel il appartient Compagnie de Thorin
78%
Frère Dori
78%
Acteur l'interprétant dans les films Jed Brophy
17%
Aucun quiz correspondant
Distribution des résultats
% des personnes avec chaque résultat
Percentile par nombre de réponses
Votre historique - résultats
Vous n’avez pas pris ce quiz